Bowker's British books in print 2003 : (Record no. 137034)
[ view plain ]
| 000 -LEADER | |
|---|---|
| fixed length control field | 00759nam a2200205 4500 |
| 010 ## - LIBRARY OF CONGRESS CONTROL NUMBER | |
| LC control number | B-079679 |
| 020 ## - INTERNATIONAL STANDARD BOOK NUMBER | |
| International Standard Book Number | 0850213290 |
| 035 ## - SYSTEM CONTROL NUMBER | |
| System control number | B-079679 |
| 037 ## - SOURCE OF ACQUISITION | |
| Source of stock number/acquisition | Cen Lib / Ret |
| 040 ## - CATALOGING SOURCE | |
| Original cataloging agency | DPL |
| Language of cataloging | En |
| 082 ## - DEWEY DECIMAL CLASSIFICATION NUMBER | |
| Classification number | 015 |
| Item number | WHI |
| 245 ## - TITLE STATEMENT | |
| Title | Bowker's British books in print 2003 : |
| Remainder of title | the reference catalogue of current literature / |
| 260 ## - PUBLICATION, DISTRIBUTION, ETC. (IMPRINT) | |
| Place of publication, distribution, etc | New Providence, N.J. |
| Name of publisher, distributor, etc | Nielsen Bookdata |
| Date of publication, distribution, etc | 2003 |
| 270 ## - ADDRESS | |
| Address | Woolmead House Wes, Bear Lane, Farnham, Surrey GU9 7LG |
| City | New Providence, N.J. |
| 300 ## - PHYSICAL DESCRIPTION | |
| Extent | 3324p |
| Dimensions | 27cm(Hb) |
| 650 ## - SUBJECT ADDED ENTRY--TOPICAL TERM | |
| Topical term or geographic name as entry element | Great Britain -- Imprints -- Periodicals. |
| 650 ## - SUBJECT ADDED ENTRY--TOPICAL TERM | |
| Topical term or geographic name as entry element | Publishers' catalogs -- Great Britain -- Periodicals. |
| 650 ## - SUBJECT ADDED ENTRY--TOPICAL TERM | |
| Topical term or geographic name as entry element | Bibliography, National -- Great Britain -- Periodicals. |
| 942 ## - ADDED ENTRY ELEMENTS (KOHA) | |
| Source of classification or shelving scheme | Dewey Decimal Classification |
| Koha item type | English Books |
| Classification part | 015 |
| Call number suffix | WHI |
| Withdrawn status | Lost status | Source of classification or shelving scheme | Damaged status | Not for loan | Home library | Current library | Date acquired | Source of acquisition | Total Checkouts | Full call number | Barcode | Date last seen | Copy number | Price effective from | Koha item type |
|---|---|---|---|---|---|---|---|---|---|---|---|---|---|---|---|
| Dewey Decimal Classification | Central Library | Central Library | 15/03/2016 | Cen Lib/Ret | 015 WHI | B-079679 | 15/03/2016 | 1 | 15/03/2016 | English Books |
